| 000 | 00570nmm a2200169Ia 4500 | ||
|---|---|---|---|
| 008 | 251105s9999||||xx |||||||||||||||||und|| | ||
| 020 | _a9788415770107 | ||
| 041 | _aspa | ||
| 100 | _aCebrián Zazurca, Enrique | ||
| 245 | 0 | _aSobre la democracia representativa. Un análisis de sus capacidades e insuficiencias | |
| 264 |
_a[Madrid, España] : _bPrensas Universitarias de Zaragoza, _c2013 |
||
| 300 | _a136 páginas | ||
| 490 | _aCiencias sociales | ||
| 650 | _aPolitical Science (General) | ||
| 856 | _uhttps://public.digitaliapublishing.com/a/42776 | ||
| 942 | _cCF | ||
| 999 |
_c77040 _d77040 |
||